| 000 | 00634pab a2200217 454500 | ||
|---|---|---|---|
| 008 | 180718b2000 xxu||||| |||| 00| 0 eng d | ||
| 100 | _aConnolly, Michael | ||
| 245 | _aVocational and technical higher education in the United Kingdom | ||
| 260 | _c2000 | ||
| 300 | _ap.18-39 | ||
| 362 | _aSpring | ||
| 650 | _aEducation - Great Britain | ||
| 650 | _aHigher education - Great Britain | ||
| 650 | _aTechnical education - Great Britain | ||
| 650 | _aVocational education - Great Britain | ||
| 650 | _aVocational education | ||
| 700 | _aJones, Norah | ||
| 700 | _aHodson, Peter | ||
| 773 | _aAdministration | ||
| 909 | _a45374 | ||
| 999 |
_c45374 _d45374 |
||